সতী ময়না ও লোর-চন্দ্রানী / (Record no. 42785)
[ view plain ]
| 000 -LEADER | |
|---|---|
| fixed length control field | 01117nam a2200253 a 4500 |
| 001 - CONTROL NUMBER | |
| control field | 42785 |
| 003 - CONTROL NUMBER IDENTIFIER | |
| rucl marc code | BD-RjUL |
| 005 - DATE AND TIME OF LATEST TRANSACTION | |
| control field | 20211209053606.0 |
| 008 - FIXED-LENGTH DATA ELEMENTS--GENERAL INFORMATION | |
| fixed length control field | 160615s1969 bg ||||| |||| 00| 0 ben d |
| 020 ## - INTERNATIONAL STANDARD BOOK NUMBER | |
| Terms of availability | : PRs.5.00 |
| 035 ## - SYSTEM CONTROL NUMBER | |
| System control number | (BD-RjUL)42903 |
| 040 ## - CATALOGING SOURCE | |
| Original cataloging agency | BD-RjUL |
| Language of cataloging | eng |
| Transcribing agency | BD-RjUL |
| 041 ## - LANGUAGE CODE | |
| Language code of text/sound track or separate title | eng |
| 082 ## - DEWEY DECIMAL CLASSIFICATION NUMBER | |
| Edition number | 23 |
| Classification number | 891.441 |
| Author mark and year | KAS 1969 |
| 100 ## - MAIN ENTRY--PERSONAL NAME | |
| Personal name | কাজী, দৌলৎ |
| 9 (RLIN) | 131486 |
| 245 10 - TITLE STATEMENT | |
| Title | সতী ময়না ও লোর-চন্দ্রানী / |
| Statement of responsibility, etc. | দৌলৎ কাজী, সম্পাদনায়, মযহারুল ইসলাম ও মুহাম্মদ আবদুল হাফিজ |
| 260 ## - PUBLICATION, DISTRIBUTION, ETC. (IMPRINT) | |
| Place of publication, distribution, etc. | ঢাকা : |
| Name of publisher, distributor, etc. | নওরোজ কিতাবিস্তান, |
| Date of publication, distribution, etc. | ১৯৬৯ |
| 300 ## - PHYSICAL DESCRIPTION | |
| Pagination | ১৩৬,১৫ পৃ. ; |
| Size | ২১ সেমি. |
| 650 ## - SUBJECT ADDED ENTRY--TOPICAL TERM | |
| Topical term or geographic name as entry element | বাংলা কবিতা |
| 9 (RLIN) | 131487 |
| Topical term or geographic name as entry element | Bengali Poetry |
| 9 (RLIN) | 131488 |
| 700 ## - ADDED ENTRY--PERSONAL NAME | |
| Personal name | ইসলাম, মযহারুল, সম্পাদনায় |
| Personal name | হাফিজ, মুহাম্মদ আবদুল, সম্পাদনায় |
| 942 ## - ADDED ENTRY ELEMENTS (KOHA) | |
| Source of classification or shelving scheme | Dewey Decimal Classification |
| Koha item type | Books |
| Lost status | Source of classification or shelving scheme | Damaged status | Not for loan | Collection code | Permanent Location | Current Location | Shelving location | Date acquired | Source of acquisition | Total Checkouts | Full call number | Date last seen | Copy number | Koha item type | Cost, normal purchase price | Checked out | Date checked out |
|---|---|---|---|---|---|---|---|---|---|---|---|---|---|---|---|---|---|
| Dewey Decimal Classification | Non-fiction | Central Library, University of Rajshahi | Central Library, University of Rajshahi | 25/06/1970 | Pakistan | B 891.441 KAS 1969 | 15/06/2016 | C-2 | Books | ||||||||
| Dewey Decimal Classification | Non-fiction | Central Library, University of Rajshahi | Central Library, University of Rajshahi | 25/06/1970 | Pakistani law house | B 891.441 KAS 1969 | 21/11/2016 | C-3 | Books | 5.00 | |||||||
| Dewey Decimal Classification | Non-fiction | Central Library, University of Rajshahi | Central Library, University of Rajshahi | 25/06/1970 | Pakistan book corp. | B 891.441 KAS 1969 | 27/11/2016 | C-4 | Books | 5.00 | |||||||
| Dewey Decimal Classification | Non-fiction | Central Library, University of Rajshahi | Central Library, University of Rajshahi | 25/06/1970 | Pakistan book corp. | B 891.441 KAS 1969 | 28/11/2016 | C-5 | Books | 5.00 | |||||||
| Dewey Decimal Classification | Non-fiction | Central Library, University of Rajshahi | Central Library, University of Rajshahi | 15/05/1970 | Nawroge kitabstan, Dhaka | 3 | B 891.441 KAS 1969 | 25/03/2026 | C-6 | Books | 5.00 | 08/06/2026 | 25/03/2026 | ||||
| Dewey Decimal Classification | Non-fiction | Central Library, University of Rajshahi | Central Library, University of Rajshahi | 25/06/1970 | Pakistani law house | B 891.441 KAS 1969 | 29/11/2016 | C-8 | Books | 5.00 |